| 000 | 00364nam a22001457a 4500 | ||
|---|---|---|---|
| 003 | MACL | ||
| 005 | 20180623154643.0 | ||
| 008 | 180623b xxu||||| |||| 00| 0 eng d | ||
| 040 | _cMACL | ||
| 100 |
_aMarston , Daniel _972783 |
||
| 245 | _aThe Indian Army and the End of the Raj | ||
| 260 |
_aDelhi _bCambridge _c2015 |
||
| 650 |
_aArmy _93799 |
||
| 942 |
_2ddc _cBK |
||
| 999 |
_c58245 _d58245 |
||